| 000 | 00618nam a2200121Ia 4500 | ||
|---|---|---|---|
| 008 | 220620s9999||||xx |||||||||||||| ||und|| | ||
| 100 | _aBanton, Michael | ||
| 245 | 0 | _aWhat We Now Know about Race and Ethnicity | |
| 546 | _aEnglish[eng] | ||
| 650 | _aAnthropology||race theory||racism||ethnic studies||race and politics||race in America||political philosophy||Sociology||United States | ||
| 856 | _uhttps://library.oapen.org/bitstream/20.500.12657/30022/1/650074.pdf||https://library.oapen.org/bitstream/20.500.12657/30022/1/650074.pdf||https://library.oapen.org/bitstream/20.500.12657/30022/1/650074.pdf | ||
| 942 | _cEB | ||
| 999 |
_c23449 _d23449 |
||